Szczegóły MARC21

"Poczta Polska w gospodarce rynkowej - szanse i zagrożenia" : II Seminarium Poczty Polskiej, Szczecin, 30.IX-2.X 1994 /

005 -DATA I CZAS OSTATNIEJ MODYFIKACJI [,]
    • @
    • pole kontrolne
    • 20100316143358.0
020 -Międzynarod. znormalizowany nr książki - ISBN [ , ]
    • a
    • Numer ISBN
    • 8390561352 Find
040 -Instytucja sporządzająca opis [ , ]
    • a
    • Instytucja, która sporządziła opis (NP)
    • SZCZ U
    • c
    • Instytucja, która sporządziła rekord (NP)
    • SZCZ U
    • d
    • Instytucja, która zmodyfikowała rekord (P)
    • SZCZ U/OG
041 -Język dokumentu [0, ]
    • a
    • Język tekstu (P)
    • polski
044 -Kraj miejsca wydania [ , ]
    • a
    • Kraj miejsca wydania
    • Polska
942 -Rodzaj dokumentu [ , ]
    • c
    • Rodzaj dokumentu
    • Książka
111 -Hasło główne - nazwa imprezy [2, ]
    • a
    • Nazwa imprezy (NP)
    • Seminarium Poczty Polskiej Find
    • n
    • Numer imprezy (P)
    • (2 ;
    • d
    • Data imprezy (NP)
    • 1994 ;
    • c
    • Miejsce imprezy (NP)
    • Szczecin).
    • 9
    • KHW
    • 614873
245 -Strefa tytułu i oznaczenia odpowiedzialności [1,0]
    • a
    • Tytuł
    • "Poczta Polska w gospodarce rynkowej - szanse i zagrożenia" : Find
    • b
    • Ciąg dalszy tytułu (NP)
    • II Seminarium Poczty Polskiej, Szczecin, 30.IX-2.X 1994 / Find
    • c
    • Pozostałe elementy strefy tytułu i oznaczenia odpowiedzialności (NP)
    • [kom. red. seminarium Henryk Babis i in.] ; Centralny Zarząd Poczty Polskiej, Uniwersytet Szczeciński, Dyrekcja Okręgu Poczty w Szczecinie.
250 -Strefa wydania [ , ]
    • a
    • Oznaczenie wydania (NP)
    • Wyd. 2 popr.
260 -Strefa adresu wydawniczego [ , ]
    • a
    • Miejsce wydania (P)
    • Szczecin :
    • b
    • Nazwa wydawcy (P)
    • [Dyrekcja Okręgu Poczty],
    • c
    • Data wydania (P)
    • 2000.
300 -Strefa opisu fizycznego [ , ]
    • a
    • Określenie formy książki i/lub objętość (NP)
    • 286 s. :
    • b
    • Oznaczenie ilustracji (NP)
    • il. ;
    • c
    • Format (NP)
    • 24 cm.
500 -Uwaga ogólna [ , ]
    • a
    • Uwaga ogólna (NP)
    • U dołu s. tyt. i s. 1 okł.: Nauka i praktyka.
500 -Uwaga ogólna [ , ]
    • a
    • Uwaga ogólna (NP)
    • Wydawca wg. OPAC BN.
504 -Uwaga dot. bibliogr. załącznikowej [ , ]
    • a
    • Uwaga dot. bibliografii załącznikowej
    • Bibliogr.
080 -Uniwersalna Klasyfikacja Dziesiętna [ , ]
    • 2
    • Identyfikator wydania tablic
    • UDC-P058
    • 9
    • UKD
    • 5577
    • a
    • Symbol klasyfikacji
    • 656.8
    • b
    • Dopowiedzenie
    • Poczta.
    • 4
    • UKD2
    • 7642
    • x
    • Poddział wspólny
    • (438)
    • c
    • Dopowiedzenie poddz. wspólnego
    • (Polska).
    • 4
    • UKD2
    • 7641
    • x
    • Poddział wspólny
    • (061)
    • c
    • Dopowiedzenie poddz. wspólnego
    • (Wydawnictwa odnoszące się do konferencji, zjazdów itd. Sprawozdania z konferencji).
080 -Uniwersalna Klasyfikacja Dziesiętna [ , ]
    • 2
    • Identyfikator wydania tablic
    • UDC-P058
    • 9
    • UKD
    • 4912
    • a
    • Symbol klasyfikacji
    • 621.39
    • b
    • Dopowiedzenie
    • Technika telekomunikacji. Teleelektryka.
    • 4
    • UKD2
    • 7642
    • x
    • Poddział wspólny
    • (438)
    • c
    • Dopowiedzenie poddz. wspólnego
    • (Polska).
    • 4
    • UKD2
    • 7641
    • x
    • Poddział wspólny
    • (061)
    • c
    • Dopowiedzenie poddz. wspólnego
    • (Wydawnictwa odnoszące się do konferencji, zjazdów itd. Sprawozdania z konferencji).
980 -Symbol UKD [ , ]
    • a
    • UKD
    • 656.8:621.39](438)"1989/..."(061)
700 -Hasło dodatkowe - nazwa osobowa [1, ]
    • a
    • Nazwa osobowa (NP)
    • Babis, Henryk. Find
    • e
    • Określenie rodzaju współpracy
    • Red.
    • 9
    • KHW
    • 79
920 -ISBN [ , ]
    • a
    • ISBN
    • 83-905613-5-2 Find
Data inwentaryzacji Lokalizacja Sygnatura Numer inwentarzowy Status udost.
2001-05-14TT.5365T.5365-3
2001-05-14T T.5366-3
2001-05-14T T.5367-3
2001-05-14T T.5368-3
2001-05-14T T.5369-3
2001-05-14T T.5370-6
2001-05-14T T.5371-6
2001-05-14T T.5372-6
2001-05-14T T.5373-6
2001-05-14T T.5374-6
2001-05-14T T.5375-6
2001-05-14T T.5376-6
2001-05-14T T.5377-6
2001-05-14T T.5378-6
2001-05-14T T.5379-6
2001-05-14T T.5380-6
2001-05-14T T.5381-6
2001-05-14T T.5382-6
2001-05-14T T.5383-6
2001-05-14T T.5384-6
2001-05-14T T.5385-6
2001-05-14T T.5386-6
2001-05-14T T.5387-6
2001-05-14T T.5388-6
2001-05-14T T.5389-6
2001-05-14T T.5390-6
2001-05-14T T.5391-6
2001-05-14T T.5392-6
2002-01-09TT.6141T.6141-2
2009-04-30T TM.6538-3